Ekonomický výzkum služeb po XVI. sjezdu KSČ [sborník z vědeckého semináře se zahraniční účastí]
Salvato in:
| Natura: | Libro |
|---|---|
| Lingua: | ceco slovacco |
| Pubblicazione: |
Praha
Výzkumný ústav výrobního družstevnictví
1982
|
| Tags: |
Nessun Tag, puoi essere il primo ad aggiungerne!!
|
MARC
| LEADER | 00000nam$a2200000$$$4500 | ||
|---|---|---|---|
| 001 | 0091774 | ||
| 005 | 20240904093852.0 | ||
| 041 | 0 | |a cze | |
| 041 | 0 | |a slo | |
| 044 | |a CZ | ||
| 245 | 1 | 0 | |a Ekonomický výzkum služeb po XVI. sjezdu KSČ |b [sborník z vědeckého semináře se zahraniční účastí] |
| 264 | 1 | |a Praha |b Výzkumný ústav výrobního družstevnictví |c 1982 | |
| 300 | |a 194 s. | ||